000 00364pam a2200157a 44500
008 230515b1989 xxu||||| |||| 00| 0 eng d
020 _a0
041 _aENGLISH
082 _a611/KAD
100 _aKADASNE D.K.
245 _aAPPROACH TO ANATOMY VOL - 2
250 _a2
260 _aNULL
_bN.D.
_c1989
300 _a163
650 _aAPPROACH TO ANATOMY VOL - 2
999 _c484589
_d484589